|
|
|
|
| LEADER |
00658nam a22001577a 4500 |
| 082 |
|
|
|a 305.5122
|b RAM-A
|
| 100 |
|
|
|a രാം പുനിയാനി .
|
| 245 |
|
|
|a അംബേദ്കറും ഹിന്ദുത്വ പ്രത്യയശാസ്ത്രവും /
|
| 260 |
|
|
|a Trivandrum:
|b Mythri books,
|c 2017.
|
| 300 |
|
|
|a 66p.;
|
| 650 |
|
|
|a Social movements
|
| 650 |
|
|
|a Ambedkarum hinduthwa prathyaya shasthravum
|
| 700 |
|
|
|a Ram Puniyani
|
| 942 |
|
|
|c BK
|
| 999 |
|
|
|c 54153
|d 54153
|
| 952 |
|
|
|0 0
|1 0
|4 0
|6 305_512200000000000_RAMA
|7 0
|9 68311
|a KU
|b KU
|d 2019-05-02
|e PICO.A2/5736/2013 dtd 02/05/2018
|g 65.00
|l 0
|o 305.5122 RAM-A
|p CL03865
|r 2019-05-02
|w 2019-05-02
|y BK
|